| 000 | 00502nam a2200217Ia 4500 | ||
|---|---|---|---|
| 003 | 0100 | ||
| 008 | 130307s9999 xx 000 0 und d | ||
| 020 | _a0262523175 | ||
| 040 | _cARRUPELIB | ||
| 050 | _aBD161.B459 2000 | ||
| 100 | _aBrook, Andrew | ||
| 245 | _aKnowledge and Mind | ||
| 245 | _ba philosophical introduction | ||
| 260 | _aCambridge | ||
| 260 | _bThe MIT Press | ||
| 260 | _c2000 | ||
| 300 | _axiv | ||
| 300 | _b252p. 23 cm. | ||
| 700 | _aStainton, Robert J | ||
| 942 | 0 | 0 | _02 |
| 999 |
_c101227 _d101227 |
||